มุมมองปกติ
มุมมองแบบ MARC
- National library
รายการ Topical Term
001 - CONTROL NUMBER
- control field: 8698
003 - CONTROL NUMBER IDENTIFIER
- control field: NALT
005 - DATE AND TIME OF LATEST TRANSACTION
- control field: 20170717100254.0
008 - FIXED-LENGTH DATA ELEMENTS
- fixed length control field: 170717|| aca||aabn | a|a d
040 ## - CATALOGING SOURCE
- Original cataloging agency: NALT
- Transcribing agency: NALT
150 ## - HEADING--TOPICAL TERM
- Topical term or geographic name entry element: National library
670 ## - SOURCE DATA FOUND
- Source citation: Work cat.: (NALT)47209: International Federation of Library Associations and Institutions 7659, Networking for digital preservation : current practice in 15 national libraries, 2006
